000 00373nam a2200169Ia 4500
005 20250423094448.0
008 250422s9999 xx 000 0 und d
020 _a0443079889
050 _aRD 81 .A54/
245 0 _aAnesthesia
250 _a5th ed.
260 _aPhiladelphia
260 _bChurchill Livingstone
260 _c2000
300 _a1662 p
942 _cBK
999 _c27311
_d27311